<?xml version="1.0" encoding="UTF-8"?>
<collection xmlns="http://www.loc.gov/MARC21/slim">
 <record>
  <leader>00400pamaa2200157   4500</leader>
  <controlfield tag="001">0000040599</controlfield>
  <controlfield tag="005">20060621090000.0</controlfield>
  <datafield tag="020" ind1="0" ind2="0">
   <subfield code="a">8185790366 (pbk) </subfield>
  </datafield>
  <datafield tag="090" ind1="0" ind2="0">
   <subfield code="a">RS160 </subfield>
   <subfield code="b">GOK 2005</subfield>
  </datafield>
  <datafield tag="100" ind1="1" ind2="0">
   <subfield code="a">GOKHALE </subfield>
  </datafield>
  <datafield tag="245" ind1="1" ind2="0">
   <subfield code="a">Practical pharmacognosy  </subfield>
   <subfield code="c">S.B Gokhale, C.K. Kokate.</subfield>
  </datafield>
  <datafield tag="260" ind1="0" ind2="0">
   <subfield code="a">Mumbai: </subfield>
   <subfield code="b">Nirali Prakashan, </subfield>
   <subfield code="c">2005.</subfield>
  </datafield>
  <datafield tag="300" ind1=" " ind2=" ">
   <subfield code="a">107p.; </subfield>
   <subfield code="c">26 cm.</subfield>
  </datafield>
  <datafield tag="650" ind1="0" ind2="0">
   <subfield code="a">Pharmacognosy </subfield>
  </datafield>
  <datafield tag="700" ind1="1" ind2="1">
   <subfield code="a">Kokate, </subfield>
   <subfield code="h">C.K </subfield>
  </datafield>
 </record>
</collection>
